000 00696nam a2200253 i 4500
001 C2-0287414
003 PPAK
005 20180728020729.0
008 080211s2003 xx |||| ||||| | eng d
020 _a1594860688
040 _aPPAK
_beng
_cPPAK
_erda
082 0 4 _a305.231
_223
090 0 0 _a305.231
_bHIR
_dLCK
100 1 _aHirsh-Pasek, Kathy,
_eauthor
245 1 0 _aEinstein never used flash cards
264 1 _a[place of publication not identified] :
_bRodale ,
_c2003
300 _axvii, 302 pages ;
_c23 cm
336 _2rdacontent
_atext
337 _2rdamedia
_aunmediated
338 _2rdacarrier
_avolume
650 1 0 _aChild development
700 _eauthor
942 _ddc
_cB
999 _c93114
_d93114